Name The Sport Balls - Statistics

General Stats
  • This quiz has been taken 21 times
  • The average score is 11 of 17
Answer Stats
Hint Answer % Correct
You throw this one into a hoop and net in the air Basketball
100%
Throw it into specific areas, then kick it into something yellow Football
100%
Kick or head it into a big net on the ground Soccer Ball
94%
Hit it with a tool while someone throws it, or try to catch it and throw Baseball
88%
Bump, set, SPIKE! Volleyball
81%
Hit it with a tool back and forth over a net. Get opponents to miss Tennis Ball
75%
Made of soft material, throw it at people to win Dodgeball
69%
Pass and rush into specific areas, then kick it into something white Rugby Ball
69%
Hit the ball with a flat tool and don't have sticks fall Cricket
63%
Hit it with a tool to traverse terrain. Hit in a cup-like goal. Golf Ball
63%
Throw it straight or curved and hit 10 objects Bowling Ball
50%
Childhood Classic, Kick it into fields and lap bases Kickball
50%
Play with weird-shaped bug nets, catch and score Lacrosse Ball
50%
Hit it with huge rackets; Ball has many holes in it Pickleball
50%
Hit with a tool, but the ball is bigger, green, and has to arch Softball
31%
Hit it over a net with a tool, but decrease the size of everything. Ping Pong Ball
25%
Throw the ball as close as possible to a smaller one Bocce Ball
6%
No matching quizzes found
Score Distribution
Percent of People with Each Score
Percentile by Number Answered
Your Score History
You have not taken this quiz